Einstein's Mirror; (Record no. 5619)

MARC details
000 -LEADER
fixed length control field 00509nam a22001937a 4500
003 - CONTROL NUMBER IDENTIFIER
control field OSt
005 - DATE AND TIME OF LATEST TRANSACTION
control field 20170302133313.0
008 - FIXED-LENGTH DATA ELEMENTS--GENERAL INFORMATION
fixed length control field 170302b xxu||||| |||| 00| 0 eng d
020 ## - INTERNATIONAL STANDARD BOOK NUMBER
International Standard Book Number 0521435323
040 ## - CATALOGING SOURCE
Transcribing agency DDC.
082 ## - DEWEY DECIMAL CLASSIFICATION NUMBER
Classification number 530.11HEY 1997.
100 ## - MAIN ENTRY--PERSONAL NAME
Personal name Hey,Tony;Walters,Patrick;
9 (RLIN) 11728
245 ## - TITLE STATEMENT
Title Einstein's Mirror;
260 ## - PUBLICATION, DISTRIBUTION, ETC. (IMPRINT)
Place of publication, distribution, etc. Cambridge ;
Name of publisher, distributor, etc. Cambridge University Press.
Date of publication, distribution, etc. 1997.
300 ## - PHYSICAL DESCRIPTION
Extent xii,291p;
Other physical details ill;
Dimensions 26cm.
504 ## - BIBLIOGRAPHY, ETC. NOTE
Bibliography, etc includes index.
650 ## - SUBJECT ADDED ENTRY--TOPICAL TERM
Topical term or geographic name as entry element Physics.
9 (RLIN) 809
942 ## - ADDED ENTRY ELEMENTS (KOHA)
Source of classification or shelving scheme Dewey Decimal Classification
Koha item type Open Shelf
Holdings
Withdrawn status Lost status Source of classification or shelving scheme Damaged status Not for loan Home library Current library Date acquired Source of acquisition Inventory number Total Checkouts Full call number Barcode Date last seen Price effective from Koha item type
    Dewey Decimal Classification     MUST Main Library MUST Main Library 02/03/2017   2001/14873   530.11HEY 1997. 2017-0305 02/03/2017 02/03/2017 Open Shelf
    Dewey Decimal Classification     MUST Main Library MUST Main Library 10/04/2017   2001/14874   530.11HEY 1997. 2017-0794 10/04/2017 10/04/2017 Open Shelf